Soznam osôb a ústavov taktiež štátnych skušobných komisií podľa stavu na začiatku štud. roku 1938-39 soznam prednášok ktoré sa budú konať v zimnom semestre štud. roku 1938-39

Podrobná bibliografia
Korporatívny autor: Univerzita Komenského v Bratislave (Autor)
Médium: Kniha
Jazyk:slovenčina
Fyzický popis:126 strán 21 cm
Vydavateľské údaje: V Bratislave Akademický senát Univerzity Komenského 1938-1939
Predmet:

MARC

LEADER 00000nam a2200000 4500
001 vtls011995994
003 SK-MaSNL
005 20260426000857.0
008 250313s1939 xo gr 001 0 slo
015 |a SNBA1939 
020 |q (brožované) 
035 |a urn:nbn:sk:snk-am00eo5c 
035 |a urn:nbn:sk:snk-am3ild5 
035 |a 48BD689B-7860-43C1-8241-572CC4C96A25 
040 |a SNK  |b slo  |c SNK  |e rda 
041 0 |a slo 
043 |a e-xo--- 
044 |a xo  |c SK 
072 7 |a 378  |x Vysoké školy  |2 konspekt 
080 |a 378.4  |2 2011 
080 |a 378  |2 2011 
080 |a (437.611)  |2 2011 
080 |a (083.8)  |2 2011 
080 |a (042.3)  |2 2011 
080 |a (036)  |2 2011 
110 2 |a Univerzita Komenského v Bratislave  |4 aut  |9 221617 
245 1 0 |a Soznam osôb a ústavov taktiež štátnych skušobných komisií podľa stavu na začiatku štud. roku 1938-39  |b soznam prednášok ktoré sa budú konať v zimnom semestre štud. roku 1938-39 
264 1 |a V Bratislave  |b Akademický senát Univerzity Komenského  |c 1938-1939 
264 3 |a v Bratislave  |b Linografia K. Jaroň 
300 |a 126 strán  |c 21 cm 
336 |a text  |b txt  |2 rdacontent 
337 |a bez média  |b n  |2 rdamedia 
338 |a zväzok  |b nc  |2 rdacarrier 
500 |a Názov z obálky 
504 |a Obsahuje abecedný zoznam mien zoznamu osôb, ústavov a komisií 
610 2 7 |a Univerzita Komenského v Bratislave  |2 SNKKA  |9 221617 
650 0 7 |a vysokoškolské štúdium  |2 SNKPH  |9 4044 
650 0 7 |a univerzity  |2 SNKPH  |9 22152 
650 0 7 |a College study  |2 SNKPHeng  |9 265848 
650 0 7 |a Universities  |2 SNKPHeng  |9 265407 
651 7 |a Bratislava (Slovensko)  |2 SNKPHgeo  |9 14568 
651 7 |a Bratislava (Slovakia)  |2 SNKPHeng  |9 171234 
655 7 |a zoznamy  |2 SNKPH  |9 29645 
655 7 |a prednášky  |2 SNKPH  |9 70554 
655 7 |a informačné publikácie  |2 SNKPH  |9 70181 
655 7 |a Lists  |2 SNKPHeng  |9 267515 
655 7 |a Lectures  |2 SNKPHeng  |9 294447 
655 7 |a Information publications  |2 SNKPHeng  |9 265188 
752 |a Slovensko  |d Bratislava 
852 |a Slovenská národná knižnica 
958 |a OND 
999 |c 867939  |d 869869 
952 |a SNK  |b SNK  |y PREZ  |7 0  |p 17A0846725  |o snkSC 17612  |i snkF 2619/63  |8 5  |0 0  |1 0  |4 0  |d 2020-10-06  |f 1  |l 0  |r 2025-07-25 00:00:00  |w 2026-02-24